| 000 | 00764 a2200181 4500 | ||
|---|---|---|---|
| 001 | 142475 | ||
| 040 | _cLeonardo Da Vinci | ||
| 041 | _aPortuguês | ||
| 082 | _av217 | ||
| 100 | _aEDUCACIONAL SHOP VIDEO | ||
| 245 |
_aFluxo de energia _bo programa computadorizado mostra a transferência energética do nível celular para o global |
||
| 250 | _av.1-2 | ||
| 260 |
_bESV _aSão Paulo |
||
| 490 | _aTV Ontario | ||
| 520 | _aEste vídeo abrange um tema muito importante no curso de Biologia: o fluxo de energia no mundo dos seres vivos | ||
| 697 |
_aBiologia _aEnergia _aConceito de fluxo de energia _aFotossíntese _aFluxo de energia no ecossistema _aFluxo de energia no nível celular _aFluxo de energia na agricultura _aFluxo de energia na biosfera |
||
| 942 | _cVM | ||
| 999 |
_c142475 _d142475 |
||